Nursing Foundation (Vol. 1)/ (Record no. 1776)
[ view plain ]
| 000 -LEADER | |
|---|---|
| Fixed length control field | 00557nam a22001937a 4500 |
| 003 - CONTROL NUMBER IDENTIFIER | |
| Control field | IIN |
| 005 - DATE AND TIME OF LATEST TRANSACTION | |
| Control field | 20250430111950.0 |
| 008 - FIXED-LENGTH DATA ELEMENTS--GENERAL INFORMATION | |
| Fixed length control field | 250430s2024 |||acd|| |||| 001 0 eng d |
| 020 ## - INTERNATIONAL STANDARD BOOK NUMBER / ISBN | |
| International Standard Book Number | 9788195602063 |
| Price | Rs.695.00 |
| 040 ## - CATALOGING SOURCE | |
| Original cataloging agency | IIN |
| 082 ## - DEWEY DECIMAL CLASSIFICATION NUMBER | |
| Classification number | 610.73 |
| Book Number | TNAI |
| 110 ## - AIN ENTRY--CORPORATE NAME | |
| Corporate name | The Trained Nurses' Association of India |
| 245 ## - TITLE STATEMENT | |
| Title | Nursing Foundation (Vol. 1)/ |
| Statement of responsibility | The Trained Nurses' Association of India |
| 260 ## - IMPRINT | |
| Place of publication | New Delhi |
| Name of publisher | TNAI |
| Date of publication | 2024 |
| 300 ## - PHYSICAL DESCRIPTION | |
| Page / Vol. No | xviii,354 p./ v.1 |
| Other physical details | col. ill. |
| 500 ## - GENERAL NOTE | |
| General note | Includes Index |
| 650 ## - SUBJECT ADDED ENTRY--TOPICAL TERM | |
| Topical term | Nursing |
| Form subdivision | Foundation |
| 942 ## - ADDED ENTRY ELEMENTS (KOHA) | |
| Koha item type | Books |
| Withdrawn status | Lost status | Source of classification | Damaged status | Not for loan | Collection code | Home library | Current library | Shelving location | Date acquired | Price | Total Checkouts | Call number | Accession number | Date last seen | Copy number | Price effective from | Koha item type |
|---|---|---|---|---|---|---|---|---|---|---|---|---|---|---|---|---|---|
| Dewey Decimal Classification | Purches Book | IDEAL INSTITUTE OF NURSING | IDEAL INSTITUTE OF NURSING | General Stacks | 11/03/2025 | 695.00 | 610.73 TNAI | 1945 | 30/04/2025 | Vol.1 | 30/04/2025 | Books |
